000 00800nam a2200217 i 4500
001 107382
003 ES-MaACL
005 20250918184249.0
007 t|
008 070110s1979 it ||||1| spa d
100 1 _aMiazzi Chiari, Mariapaola.
_980852
245 1 0 _aDon Agustín Moreto y Cavana: bibliografía crítica /
_cMariapaola Miazzi Chiari, Blanca Luca de Tena.
260 _aMilano :
_bFranco Maria Ricci,
_c[1979]
300 _a64 p. ;
_c24 cm.
490 1 _aBiblioteca de teatro raro del barroco español ;
_v1
600 1 4 _aMoreto, Agustín,
_d1618-1669-
_vBibliografías
_983479
700 1 _aLuca de Tena, Blanca.
_974508
830 0 0 _aBiblioteca de teatro raro del Barroco español
_v1
_9185368
852 _aES-MaACL
_j2136-F-15
_bR.112292
999 _c107382
_d107382